[Event "Team Championship Russia (Rapid, Men)"]
[Site "Sochi"]
[Date "2018.10.08"]
[Round "1.1"]
[White "Tekeyev, Zaur"]
[Black "Nepomniachtchi, Ian"]
[Result "0-1"]
[BlackElo "2766"]
[WhiteElo "2448"]
[LiveChessVersion "1.4.8"]

1. e4 {[%clk 0:15:18]} c5 {[%clk 0:15:17]} 2. Nf3 {[%clk 0:15:26]} d6
{[%clk 0:15:26]} 3. Bb5+ {[%clk 0:15:33]} Nd7 {[%clk 0:15:34]} 4. O-O
{[%clk 0:15:33]} a6 {[%clk 0:15:43]} 5. Bd3 {[%clk 0:15:42]} Ngf6
{[%clk 0:15:50]} 6. Re1 {[%clk 0:15:49]} g6 {[%clk 0:15:51]} 7. c3
{[%clk 0:15:39]} Bg7 {[%clk 0:15:58]} 8. Bc2 {[%clk 0:15:39]} O-O
{[%clk 0:15:55]} 9. d4 {[%clk 0:15:44]} e5 {[%clk 0:16:02]} 10. a4
{[%clk 0:15:02]} Qc7 {[%clk 0:15:26]} 11. dxe5 {[%clk 0:12:09]} Nxe5
{[%clk 0:15:34]} 12. Nxe5 {[%clk 0:11:26]} dxe5 {[%clk 0:15:42]} 13. c4
{[%clk 0:11:33]} Bg4 {[%clk 0:15:14]} 14. f3 {[%clk 0:11:11]} Be6
{[%clk 0:15:23]} 15. Qe2 {[%clk 0:11:12]} b5 {[%clk 0:13:29]} 16. Nd2
{[%clk 0:05:11]} Nd7 {[%clk 0:12:17]} 17. axb5 {[%clk 0:04:40]} axb5
{[%clk 0:12:26]} 18. Rxa8 {[%clk 0:04:49]} Rxa8 {[%clk 0:12:34]} 19. cxb5
{[%clk 0:04:43]} c4 {[%clk 0:12:41]} 20. b3 {[%clk 0:03:34]} Qc5+
{[%clk 0:12:05]} 21. Kf1 {[%clk 0:02:34]} c3 {[%clk 0:11:45]} 22. Nc4
{[%clk 0:01:49]} Qxb5 {[%clk 0:11:51]} 23. Qd3 {[%clk 0:01:43]} Qb4
{[%clk 0:11:58]} 24. Be3 {[%clk 0:01:06]} Bf8 {[%clk 0:11:23]} 25. Rc1
{[%clk 0:01:09]} Rc8 {[%clk 0:11:19]} 26. Qe2 {[%clk 0:00:18]} Nc5
{[%clk 0:10:32]} 27. Nxe5 {[%clk 0:00:16]} Nxb3 {[%clk 0:10:39]} 28. Rb1
{[%clk 0:00:21]} Qa3 {[%clk 0:09:42]} 29. f4 {[%clk 0:00:24]} Nd2+
{[%clk 0:09:06]} 30. Bxd2 {[%clk 0:00:24]} cxd2 {[%clk 0:09:14]} 31. Qxd2
{[%clk 0:00:16]} Qa2 {[%clk 0:09:20]} 32. Rc1 {[%clk 0:00:13]} Ba3
{[%clk 0:09:26]} 33. f5 {[%clk 0:00:13]} Bxc1 {[%clk 0:09:32]} 0-1

[Event "Team Championship Russia (Rapid, Men)"]
[Site "Sochi"]
[Date "2018.10.08"]
[Round "1.3"]
[White "Nuristani, Iman"]
[Black "Paravyan, David"]
[Result "0-1"]
[BlackElo "2630"]
[WhiteElo "2223"]
[LiveChessVersion "1.4.8"]

1. d4 {[%clk 0:15:19]} Nf6 {[%clk 0:15:17]} 2. c4 {[%clk 0:15:27]} g6
{[%clk 0:15:26]} 3. Nc3 {[%clk 0:15:36]} Bg7 {[%clk 0:15:36]} 4. e4
{[%clk 0:15:43]} d6 {[%clk 0:15:45]} 5. Be2 {[%clk 0:15:51]} O-O {[%clk 0:15:54]}
6. Bg5 c5 7. d5 {[%clk 0:16:07]} h6 {[%clk 0:16:13]} 8. Be3 {[%clk 0:16:14]} e6
{[%clk 0:16:22]} 9. Qd2 {[%clk 0:16:22]} exd5 {[%clk 0:16:18]} 10. exd5
{[%clk 0:16:14]} Qb6 {[%clk 0:16:26]} 11. Nf3 {[%clk 0:16:00]} Bf5
{[%clk 0:16:27]} 12. Nh4 {[%clk 0:15:00]} Ne4 {[%clk 0:16:36]} 13. Nxe4
{[%clk 0:15:09]} Bxe4 {[%clk 0:16:45]} 14. f3 {[%clk 0:15:18]} Qxb2
{[%clk 0:16:33]} 15. Rc1 {[%clk 0:15:26]} Qf6 {[%clk 0:16:37]} 16. g3
{[%clk 0:09:08]} Bf5 {[%clk 0:16:46]} 17. Bxh6 {[%clk 0:07:19]} Bxh6
{[%clk 0:17:04]} 18. Qxh6 {[%clk 0:07:27]} Re8 {[%clk 0:17:08]} 19. Nxf5
{[%clk 0:05:25]} Qxf5 {[%clk 0:17:16]} 20. Kf2 {[%clk 0:05:13]} Nd7
{[%clk 0:17:25]} 21. Qf4 {[%clk 0:05:12]} Qh3 {[%clk 0:16:57]} 22. Qxd6
{[%clk 0:03:09]} Re5 {[%clk 0:15:27]} 23. Bd3 {[%clk 0:02:36]} Rae8
{[%clk 0:15:27]} 24. Rcd1 {[%clk 0:01:26]} Kg7 {[%clk 0:15:30]} 25. Bf1
{[%clk 0:01:08]} Qh6 {[%clk 0:14:04]} 26. Qxd7 {[%clk 0:00:55]} Re2+
{[%clk 0:14:01]} 27. Bxe2 {[%clk 0:01:00]} Qe3+ {[%clk 0:14:10]} 28. Kg2
{[%clk 0:01:09]} Qxe2+ {[%clk 0:14:19]} 29. Kh3 {[%clk 0:01:14]} Rh8+
{[%clk 0:14:25]} 30. Kg4 {[%clk 0:01:22]} Qxc4+ {[%clk 0:14:34]} 31. Rd4
{[%clk 0:00:29]} Qxd4+ {[%clk 0:14:31]} 32. f4 {[%clk 0:00:38]} Qe4
{[%clk 0:14:36]} 33. Rf1 {[%clk 0:00:30]} Rxh2 {[%clk 0:13:40]} 0-1

[Event "Team Championship Russia (Rapid, Men)"]
[Site "Sochi"]
[Date "2018.10.08"]
[Round "1.4"]
[White "Yuffa, Daniil"]
[Black "Rozhko, Dmitry"]
[Result "1-0"]
[BlackElo "2281"]
[WhiteElo "2625"]
[LiveChessVersion "1.4.8"]

1. c4 {[%clk 0:15:15]} c6 {[%clk 0:15:17]} 2. d4 {[%clk 0:15:20]} d5
{[%clk 0:15:26]} 3. Nc3 {[%clk 0:15:28]} Nf6 {[%clk 0:15:34]} 4. Nf3
{[%clk 0:15:37]} a6 5. e3 {[%clk 0:15:26]} b5 6. b3 Bg4 {[%clk 0:15:24]} 7. a4 b4
8. Ne2 {[%clk 0:15:21]} Nbd7 {[%clk 0:14:45]} 9. Nf4 {[%clk 0:14:12]} e6 10. a5
Bd6 {[%clk 0:14:22]} 11. c5 {[%clk 0:10:01]} Bc7 {[%clk 0:14:26]} 12. Nd3
{[%clk 0:10:08]} Ne4 13. Qc2 O-O {[%clk 0:12:24]} 14. Nd2 {[%clk 0:08:38]} Bf5
15. Nxe4 Bxe4 {[%clk 0:11:49]} 16. f3 Bg6 17. Qf2 e5 18. Be2 {[%clk 0:04:08]}
exd4 {[%clk 0:10:52]} 19. exd4 {[%clk 0:04:16]} Bxa5 {[%clk 0:10:01]} 20. O-O
{[%clk 0:04:17]} Re8 {[%clk 0:10:02]} 21. Bf4 {[%clk 0:03:47]} Bc7
{[%clk 0:09:00]} 22. Bxc7 {[%clk 0:03:38]} Qxc7 {[%clk 0:09:08]} 23. Nxb4
{[%clk 0:03:17]} a5 {[%clk 0:09:16]} 24. Na6 {[%clk 0:02:21]} Qb7
{[%clk 0:08:45]} 25. Rxa5 {[%clk 0:02:17]} Qxb3 {[%clk 0:08:50]} 26. Rfa1
{[%clk 0:02:06]} Nf8 {[%clk 0:08:03]} 27. R5a3 {[%clk 0:01:36]} Qb2
{[%clk 0:08:03]} 28. Bf1 {[%clk 0:01:29]} Qxf2+ {[%clk 0:07:52]} 29. Kxf2
{[%clk 0:01:38]} Ne6 {[%clk 0:07:58]} 30. Ra4 {[%clk 0:01:29]} Ra7
{[%clk 0:07:35]} 31. Rb4 {[%clk 0:01:03]} Rea8 {[%clk 0:07:18]} 32. Ke3
{[%clk 0:00:58]} Re8 {[%clk 0:06:58]} 33. Kd2 {[%clk 0:01:07]} h5
{[%clk 0:06:45]} 34. Kc3 {[%clk 0:00:55]} Nf4 {[%clk 0:06:39]} 35. Kd2
{[%clk 0:00:38]} Rae7 {[%clk 0:06:24]} 36. Rb8 {[%clk 0:00:41]} f6
{[%clk 0:05:08]} 37. Rxe8+ {[%clk 0:00:40]} Bxe8 {[%clk 0:05:16]} 38. Rb1
{[%clk 0:00:45]} Ne6 {[%clk 0:05:05]} 39. Kc3 {[%clk 0:00:50]} Ra7
{[%clk 0:04:59]} 40. g3 {[%clk 0:00:29]} Nc7 {[%clk 0:04:55]} 41. Rb6
{[%clk 0:00:32]} Nxa6 {[%clk 0:04:55]} 42. Rxa6 {[%clk 0:00:40]} Re7
{[%clk 0:04:50]} 43. Kd2 {[%clk 0:00:37]} Rb7 {[%clk 0:04:53]} 44. Rb6
{[%clk 0:00:45]} Ra7 {[%clk 0:05:01]} 45. Ba6 {[%clk 0:00:54]} Kf8
{[%clk 0:04:59]} 46. Kc3 {[%clk 0:00:48]} Re7 {[%clk 0:05:04]} 47. Bb7
{[%clk 0:00:52]} Re3+ {[%clk 0:05:07]} 48. Kb4 {[%clk 0:00:55]} Rd3
{[%clk 0:05:05]} 49. Bxc6 {[%clk 0:00:56]} Rxd4+ {[%clk 0:04:48]} 50. Kb5
{[%clk 0:01:04]} Bxc6+ {[%clk 0:04:45]} 51. Kxc6 {[%clk 0:01:13]} Ke7
{[%clk 0:04:19]} 52. Rb7+ {[%clk 0:01:22]} Ke6 {[%clk 0:04:28]} 53. Rxg7
{[%clk 0:01:10]} Rd2 {[%clk 0:04:37]} 54. Rd7 {[%clk 0:01:06]} Rxh2
{[%clk 0:04:08]} 55. Rd6+ {[%clk 0:01:10]} Ke7 {[%clk 0:04:16]} 56. Rxd5
{[%clk 0:01:15]} Rh3 {[%clk 0:04:18]} 57. f4 {[%clk 0:01:20]} Rxg3
{[%clk 0:03:49]} 58. Rxh5 {[%clk 0:01:29]} Ke6 {[%clk 0:03:46]} 59. Rd5
{[%clk 0:01:19]} Rf3 {[%clk 0:03:42]} 60. f5+ {[%clk 0:01:23]} Ke7
{[%clk 0:03:37]} 61. Kc7 {[%clk 0:01:25]} Rf2 {[%clk 0:03:27]} 62. c6
{[%clk 0:01:30]} Rb2 {[%clk 0:03:16]} 63. Kc8 {[%clk 0:01:23]} Rb3
{[%clk 0:03:20]} 64. c7 {[%clk 0:01:29]} Rb2 {[%clk 0:03:19]} 65. Rd7+
{[%clk 0:01:33]} Ke8 {[%clk 0:03:22]} 66. Rd6 {[%clk 0:01:41]} Ke7
{[%clk 0:03:25]} 67. Re6+ {[%clk 0:01:50]} Kf7 {[%clk 0:03:31]} 68. Kd7 1-0

[Event "Team Championship Russia (Rapid, Men)"]
[Site "Sochi"]
[Date "2018.10.08"]
[Round "1.5"]
[White "Dubov, Daniil"]
[Black "Chekhov, Sergei"]
[Result "1-0"]
[BlackElo "2487"]
[WhiteElo "2697"]
[LiveChessVersion "1.4.8"]

1. Nf3 {[%clk 0:15:18]} Nf6 {[%clk 0:15:18]} 2. g3 {[%clk 0:15:18]} b6
{[%clk 0:15:25]} 3. Bg2 {[%clk 0:15:26]} Bb7 {[%clk 0:15:34]} 4. O-O
{[%clk 0:15:34]} e6 {[%clk 0:15:43]} 5. c4 {[%clk 0:15:41]} Be7 {[%clk 0:15:45]}
6. d4 {[%clk 0:15:40]} O-O {[%clk 0:15:51]} 7. d5 {[%clk 0:15:30]} Na6
{[%clk 0:15:47]} 8. Nd4 {[%clk 0:15:34]} Nc5 {[%clk 0:14:53]} 9. Nc3
{[%clk 0:15:30]} a5 {[%clk 0:14:58]} 10. e4 {[%clk 0:15:31]} e5 {[%clk 0:14:14]}
11. Nf5 {[%clk 0:15:33]} d6 {[%clk 0:14:23]} 12. f4 {[%clk 0:14:26]} exf4
{[%clk 0:14:31]} 13. gxf4 {[%clk 0:13:39]} Bc8 {[%clk 0:14:33]} 14. Nd4
{[%clk 0:13:23]} Bb7 {[%clk 0:13:41]} 15. e5 {[%clk 0:11:53]} Nfd7
{[%clk 0:13:30]} 16. Nc6 {[%clk 0:11:53]} Qe8 {[%clk 0:13:31]} 17. Nb5
{[%clk 0:11:55]} Rc8 {[%clk 0:13:36]} 18. exd6 {[%clk 0:11:58]} cxd6
{[%clk 0:10:27]} 19. Re1 {[%clk 0:12:04]} Bxc6 {[%clk 0:10:19]} 20. dxc6
{[%clk 0:12:12]} Nb8 {[%clk 0:10:26]} 21. Nxd6 {[%clk 0:11:58]} Qd8
{[%clk 0:10:34]} 22. Nxc8 {[%clk 0:11:57]} Qxc8 {[%clk 0:10:22]} 23. Rxe7
{[%clk 0:12:00]} Nxc6 {[%clk 0:10:28]} 24. Bxc6 {[%clk 0:11:40]} Qxc6
{[%clk 0:10:33]} 25. Qd5 {[%clk 0:11:44]} Qg6+ {[%clk 0:09:12]} 26. Kh1
{[%clk 0:11:49]} Qf6 {[%clk 0:08:05]} 27. Ra7 {[%clk 0:11:11]} h6
{[%clk 0:02:52]} 28. Be3 {[%clk 0:11:09]} Ne6 {[%clk 0:03:00]} 29. Rg1
{[%clk 0:11:09]} Rd8 {[%clk 0:02:04]} 30. Ra8 {[%clk 0:11:15]} Rxa8
{[%clk 0:02:13]} 31. Qxa8+ {[%clk 0:11:24]} Kh7 {[%clk 0:02:22]} 32. Qe4+
{[%clk 0:11:31]} g6 {[%clk 0:02:28]} 33. b3 {[%clk 0:11:24]} Qh4 {[%clk 0:02:07]}
34. Bxb6 {[%clk 0:11:16]} Ng5 {[%clk 0:02:16]} 35. Qe3 {[%clk 0:11:10]} Nh3
{[%clk 0:01:54]} 36. Rf1 {[%clk 0:11:15]} Qg4 {[%clk 0:01:40]} 37. Bxa5
{[%clk 0:11:01]} h5 {[%clk 0:00:57]} 38. Rf3 {[%clk 0:10:42]} h4 {[%clk 0:00:15]}
39. Rxh3 {[%clk 0:10:21]} Qd1+ {[%clk 0:00:24]} 40. Be1 {[%clk 0:10:17]} 1-0

[Event "Team Championship Russia (Rapid, Men)"]
[Site "Sochi"]
[Date "2018.10.08"]
[Round "1.6"]
[White "Kretov, Evgenij"]
[Black "Morozevich, Alexander"]
[Result "0-1"]
[BlackElo "2672"]
[WhiteElo "2285"]
[LiveChessVersion "1.4.8"]

1. d4 {[%clk 0:15:18]} Nf6 {[%clk 0:15:16]} 2. c4 {[%clk 0:15:26]} e6
{[%clk 0:15:07]} 3. Nc3 {[%clk 0:15:34]} Bb4 {[%clk 0:15:16]} 4. Bg5
{[%clk 0:15:41]} h6 {[%clk 0:15:14]} 5. Bh4 {[%clk 0:15:49]} b6 {[%clk 0:14:16]}
6. Qc2 {[%clk 0:15:50]} Bb7 {[%clk 0:14:21]} 7. e3 {[%clk 0:15:54]} g5
{[%clk 0:12:55]} 8. Bg3 {[%clk 0:16:02]} Bxc3+ {[%clk 0:13:04]} 9. bxc3
{[%clk 0:15:58]} Ne4 {[%clk 0:13:00]} 10. f3 {[%clk 0:13:43]} Nxg3
{[%clk 0:13:07]} 11. hxg3 {[%clk 0:13:52]} Nc6 {[%clk 0:12:07]} 12. Bd3
{[%clk 0:13:33]} Qe7 {[%clk 0:12:14]} 13. Ne2 {[%clk 0:13:09]} h5
{[%clk 0:10:51]} 14. g4 {[%clk 0:11:52]} h4 {[%clk 0:10:55]} 15. Kf2
{[%clk 0:11:34]} d6 {[%clk 0:09:23]} 16. Be4 {[%clk 0:10:35]} O-O-O
{[%clk 0:09:22]} 17. Qa4 {[%clk 0:09:50]} d5 {[%clk 0:08:31]} 18. cxd5
{[%clk 0:08:38]} exd5 {[%clk 0:08:39]} 19. Bf5+ {[%clk 0:08:44]} Kb8
{[%clk 0:08:47]} 20. Rae1 {[%clk 0:08:23]} Rhe8 {[%clk 0:08:11]} 21. Nc1
{[%clk 0:08:23]} Qd6 {[%clk 0:07:48]} 22. Nd3 {[%clk 0:08:17]} f6
{[%clk 0:06:52]} 23. Rh3 {[%clk 0:07:49]} Ne7 {[%clk 0:06:45]} 24. Qc2
{[%clk 0:05:38]} Nxf5 25. gxf5 Qd7 {[%clk 0:05:29]} 26. Nc1 {[%clk 0:05:31]} Re7
{[%clk 0:05:18]} 27. Nb3 {[%clk 0:04:50]} Rde8 {[%clk 0:04:09]} 28. Nd2
{[%clk 0:04:46]} Qd6 {[%clk 0:03:43]} 29. Qd3 {[%clk 0:04:18]} Qa3
{[%clk 0:03:40]} 30. Qc2 {[%clk 0:04:24]} c5 {[%clk 0:03:46]} 31. Nb3
{[%clk 0:04:23]} Ka8 {[%clk 0:03:10]} 32. Rhh1 {[%clk 0:04:05]} c4
{[%clk 0:03:03]} 33. Nd2 {[%clk 0:04:07]} b5 {[%clk 0:03:03]} 34. Re2
{[%clk 0:03:42]} Qd6 {[%clk 0:02:52]} 35. Rh3 {[%clk 0:03:44]} a5
{[%clk 0:02:56]} 36. Qb1 {[%clk 0:03:05]} Bc6 {[%clk 0:03:01]} 37. Qc2
{[%clk 0:02:53]} b4 {[%clk 0:02:37]} 38. Nf1 {[%clk 0:02:22]} Rb7
{[%clk 0:02:26]} 39. e4 {[%clk 0:02:14]} b3 {[%clk 0:02:30]} 40. Qb1
{[%clk 0:02:15]} Qf4 {[%clk 0:02:30]} 41. Ne3 {[%clk 0:02:02]} dxe4
{[%clk 0:02:30]} 42. Nxc4 {[%clk 0:02:10]} g4 {[%clk 0:02:31]} 43. d5
{[%clk 0:01:00]} Bxd5 {[%clk 0:02:32]} 44. Ne3 {[%clk 0:01:06]} exf3
{[%clk 0:02:36]} 45. Nxd5 {[%clk 0:01:04]} Rxe2+ 46. Kf1 bxa2 {[%clk 0:02:35]}
0-1

[Event "Team Championship Russia (Rapid, Men)"]
[Site "Sochi"]
[Date "2018.10.08"]
[Round "1.7"]
[White "Savchenko, Boris"]
[Black "Kostin, Alexey"]
[Result "1/2-1/2"]
[BlackElo "2264"]
[WhiteElo "2652"]
[LiveChessVersion "1.4.8"]

1. e4 {[%clk 0:11:17]} c5 {[%clk 0:15:18]} 2. Nf3 {[%clk 0:11:25]} e6
{[%clk 0:15:26]} 3. d4 {[%clk 0:11:31]} cxd4 {[%clk 0:15:33]} 4. Nxd4
{[%clk 0:11:38]} a6 {[%clk 0:15:41]} 5. c4 {[%clk 0:11:46]} Nf6 {[%clk 0:15:34]}
6. Nc3 {[%clk 0:11:54]} Qc7 {[%clk 0:15:28]} 7. Be2 {[%clk 0:12:00]} Nc6
{[%clk 0:14:57]} 8. Nxc6 {[%clk 0:11:03]} dxc6 {[%clk 0:15:00]} 9. Be3
{[%clk 0:11:09]} e5 {[%clk 0:15:03]} 10. Qb3 {[%clk 0:10:04]} Be6
{[%clk 0:14:09]} 11. Bb6 {[%clk 0:08:46]} Qc8 {[%clk 0:14:15]} 12. O-O-O
{[%clk 0:07:54]} Be7 {[%clk 0:14:02]} 13. a3 {[%clk 0:06:22]} O-O
{[%clk 0:13:31]} 14. Kb1 {[%clk 0:06:30]} Nd7 {[%clk 0:13:13]} 15. Na4
{[%clk 0:05:36]} Bd8 {[%clk 0:12:53]} 16. Bxd8 {[%clk 0:05:31]} Rxd8
{[%clk 0:12:45]} 17. Nb6 {[%clk 0:05:31]} Nxb6 {[%clk 0:12:16]} 18. Qxb6
{[%clk 0:05:39]} Rb8 {[%clk 0:12:00]} 19. c5 {[%clk 0:05:16]} Rd4
{[%clk 0:11:24]} 20. Rxd4 {[%clk 0:05:18]} exd4 {[%clk 0:11:32]} 21. Rd1
{[%clk 0:05:25]} Qd7 {[%clk 0:11:14]} 22. Bxa6 {[%clk 0:05:16]} h6
{[%clk 0:10:49]} 23. f3 {[%clk 0:04:05]} Qe7 {[%clk 0:10:13]} 24. Qb4
{[%clk 0:03:26]} b5 {[%clk 0:09:12]} 25. cxb6 {[%clk 0:01:38]} Qxb4
{[%clk 0:09:20]} 26. axb4 {[%clk 0:01:47]} Rxb6 {[%clk 0:09:26]} 27. Bd3
{[%clk 0:01:22]} Rxb4 {[%clk 0:09:28]} 28. Rc1 {[%clk 0:01:31]} Rb6
{[%clk 0:08:24]} 29. f4 {[%clk 0:01:38]} f6 {[%clk 0:07:43]} 30. Bc4
{[%clk 0:01:32]} c5 {[%clk 0:07:41]} 31. Bd5 {[%clk 0:01:21]} Bxd5
{[%clk 0:07:39]} 32. exd5 {[%clk 0:01:29]} Rb5 {[%clk 0:07:41]} 33. d6
{[%clk 0:01:15]} Kf7 {[%clk 0:05:49]} 34. Re1 {[%clk 0:01:23]} Rb7
{[%clk 0:05:58]} 35. f5 {[%clk 0:01:31]} Rd7 {[%clk 0:05:57]} 36. Re6
{[%clk 0:01:39]} h5 {[%clk 0:05:57]} 37. h3 {[%clk 0:01:46]} h4 {[%clk 0:05:32]}
38. Re4 {[%clk 0:01:52]} Rxd6 {[%clk 0:05:32]} 39. Rxh4 {[%clk 0:02:01]} Rd5
{[%clk 0:04:58]} 40. Rf4 {[%clk 0:01:18]} Re5 {[%clk 0:04:58]} 41. b4
{[%clk 0:00:28]} d3 {[%clk 0:04:51]} 42. Kc1 {[%clk 0:00:36]} cxb4
{[%clk 0:04:57]} 43. Kd2 {[%clk 0:00:19]} Re2+ {[%clk 0:04:58]} 44. Kxd3
{[%clk 0:00:28]} Rxg2 {[%clk 0:05:06]} 45. Rxb4 {[%clk 0:00:36]} Rg3+
{[%clk 0:05:11]} 46. Ke4 {[%clk 0:00:45]} Rxh3 {[%clk 0:05:19]} 47. Rb8
{[%clk 0:00:53]} Rh1 {[%clk 0:04:18]} 48. Kf4 {[%clk 0:00:55]} Rf1+
{[%clk 0:04:15]} 49. Ke4 {[%clk 0:01:04]} Re1+ {[%clk 0:04:23]} 50. Kf4
{[%clk 0:01:13]} Re8 {[%clk 0:04:29]} 51. Rb2 {[%clk 0:01:20]} Ra8
{[%clk 0:04:30]} 52. Kg4 {[%clk 0:01:07]} Ra4+ {[%clk 0:04:34]} 53. Kh5
{[%clk 0:01:14]} Kg8 {[%clk 0:04:34]} 54. Rb7 {[%clk 0:00:57]} Kh7
{[%clk 0:04:26]} 55. Rxg7+ {[%clk 0:01:04]} Kxg7 {[%clk 0:04:31]} 1/2-1/2

[Event "Team Championship Russia (Rapid, Men)"]
[Site "Sochi"]
[Date "2018.10.08"]
[Round "1.8"]
[White "Okun, Evgeny"]
[Black "Iljiushenok, Ilia"]
[Result "0-1"]
[BlackElo "2611"]
[WhiteElo "2119"]
[LiveChessVersion "1.4.8"]

1. Nf3 {[%clk 0:15:18]} Nf6 {[%clk 0:15:19]} 2. g3 {[%clk 0:14:47]} g6
{[%clk 0:15:28]} 3. Bg2 {[%clk 0:14:55]} Bg7 {[%clk 0:15:37]} 4. c4
{[%clk 0:14:59]} O-O {[%clk 0:15:45]} 5. O-O {[%clk 0:15:08]} d6 {[%clk 0:15:53]}
6. Nc3 {[%clk 0:15:11]} a6 {[%clk 0:16:01]} 7. d3 {[%clk 0:14:52]} c6
{[%clk 0:16:10]} 8. a4 {[%clk 0:14:43]} a5 {[%clk 0:15:05]} 9. h3
{[%clk 0:14:39]} Na6 {[%clk 0:14:58]} 10. e4 {[%clk 0:14:13]} e5 {[%clk 0:14:15]}
11. d4 {[%clk 0:13:07]} exd4 {[%clk 0:14:08]} 12. Nxd4 {[%clk 0:13:15]} Re8
{[%clk 0:13:45]} 13. Re1 {[%clk 0:12:24]} Qb6 {[%clk 0:13:27]} 14. Be3
{[%clk 0:10:00]} Qxb2 {[%clk 0:09:50]} 15. Na2 {[%clk 0:07:13]} Nc5
{[%clk 0:08:43]} 16. e5 {[%clk 0:02:36]} Rxe5 {[%clk 0:07:17]} 17. Nf3
{[%clk 0:02:43]} Rxe3 {[%clk 0:07:11]} 18. Rxe3 {[%clk 0:02:50]} Be6
{[%clk 0:07:19]} 19. Re2 {[%clk 0:02:28]} Qb6 {[%clk 0:06:41]} 20. Rb1
{[%clk 0:02:16]} Qc7 {[%clk 0:06:51]} 21. Rc1 {[%clk 0:01:34]} Nfd7
{[%clk 0:04:30]} 22. Ng5 {[%clk 0:01:07]} Nb6 {[%clk 0:03:43]} 23. Nxe6
{[%clk 0:01:10]} fxe6 {[%clk 0:03:41]} 24. Nc3 {[%clk 0:00:42]} Re8
{[%clk 0:03:29]} 25. Ne4 {[%clk 0:00:39]} Nbxa4 {[%clk 0:03:03]} 26. Qxd6
{[%clk 0:00:36]} Qxd6 {[%clk 0:03:21]} 27. Nxd6 {[%clk 0:00:55]} Rd8
{[%clk 0:03:25]} 28. Ne4 {[%clk 0:00:47]} Nxe4 {[%clk 0:03:31]} 29. Rxe4
{[%clk 0:00:55]} Nc5 {[%clk 0:03:34]} 30. Re2 {[%clk 0:00:47]} a4
{[%clk 0:03:43]} 31. h4 {[%clk 0:00:36]} a3 {[%clk 0:03:51]} 32. Bh3
{[%clk 0:00:41]} Kf7 {[%clk 0:03:51]} 33. Rce1 {[%clk 0:00:45]} Rd6
{[%clk 0:03:54]} 34. Ra2 {[%clk 0:00:41]} Bb2 {[%clk 0:04:01]} 35. Re3
{[%clk 0:00:36]} Rd3 {[%clk 0:03:19]} 36. Bxe6+ {[%clk 0:00:44]} Kf6
{[%clk 0:03:15]} 37. Bg8 {[%clk 0:00:41]} Rxe3 38. fxe3 {[%clk 0:00:50]} Kg7
{[%clk 0:03:24]} 39. Bd5 {[%clk 0:00:34]} cxd5 {[%clk 0:03:32]} 40. cxd5
{[%clk 0:00:43]} Ne4 {[%clk 0:03:39]} 0-1

[Event "Team Championship Russia (Rapid, Men)"]
[Site "Sochi"]
[Date "2018.10.08"]
[Round "1.9"]
[White "Shariyazdanov, Andrey"]
[Black "Artemiev, Vladislav"]
[Result "0-1"]
[BlackElo "2764"]
[WhiteElo "2439"]
[LiveChessVersion "1.4.8"]

1. Nf3 {[%clk 0:15:15]} Nf6 {[%clk 0:13:36]} 2. c4 {[%clk 0:15:19]} g6
{[%clk 0:13:44]} 3. Nc3 {[%clk 0:15:27]} d5 {[%clk 0:13:53]} 4. cxd5
{[%clk 0:15:32]} Nxd5 {[%clk 0:14:01]} 5. e4 {[%clk 0:15:25]} Nb6
{[%clk 0:13:59]} 6. h3 {[%clk 0:14:58]} Bg7 {[%clk 0:14:00]} 7. d4
{[%clk 0:15:06]} O-O {[%clk 0:14:07]} 8. Be2 {[%clk 0:15:10]} Nc6
{[%clk 0:14:16]} 9. Be3 {[%clk 0:15:13]} f5 {[%clk 0:14:25]} 10. exf5
{[%clk 0:15:00]} Bxf5 {[%clk 0:14:26]} 11. O-O {[%clk 0:15:00]} Qd6
{[%clk 0:14:07]} 12. Qd2 {[%clk 0:13:46]} Rad8 {[%clk 0:14:15]} 13. Rad1
{[%clk 0:13:49]} Kh8 {[%clk 0:12:58]} 14. Bh6 {[%clk 0:13:03]} e5
{[%clk 0:11:20]} 15. Bxg7+ {[%clk 0:13:11]} Kxg7 {[%clk 0:11:29]} 16. d5
{[%clk 0:11:42]} Ne7 {[%clk 0:11:23]} 17. Nb5 {[%clk 0:11:47]} Qf6
{[%clk 0:11:26]} 18. Nxc7 {[%clk 0:08:40]} Nexd5 {[%clk 0:11:34]} 19. Nxd5
{[%clk 0:08:47]} Nxd5 {[%clk 0:11:42]} 20. Rfe1 {[%clk 0:08:17]} Nf4
{[%clk 0:05:15]} 21. Qe3 {[%clk 0:08:19]} Nxe2+ {[%clk 0:04:21]} 22. Qxe2
{[%clk 0:08:24]} e4 {[%clk 0:04:30]} 23. Nh2 {[%clk 0:07:56]} Qg5
{[%clk 0:03:49]} 24. Nf1 {[%clk 0:07:35]} Bxh3 {[%clk 0:03:06]} 25. Qxe4
{[%clk 0:07:28]} Bc8 {[%clk 0:03:04]} 26. Rxd8 {[%clk 0:06:32]} Qxd8
{[%clk 0:03:07]} 27. Ne3 {[%clk 0:05:59]} Re8 {[%clk 0:01:21]} 28. Nf5+
{[%clk 0:05:14]} Kf8 {[%clk 0:01:30]} 29. Qb4+ {[%clk 0:04:44]} Kg8
{[%clk 0:01:39]} 30. Qb3+ {[%clk 0:03:28]} Kf8 {[%clk 0:01:47]} 31. Qa3+
{[%clk 0:02:45]} Kg8 {[%clk 0:01:56]} 32. Rxe8+ {[%clk 0:02:17]} Qxe8
{[%clk 0:02:04]} 33. Ne7+ {[%clk 0:02:26]} Kf7 {[%clk 0:02:11]} 34. Nxc8
{[%clk 0:02:33]} Qxc8 {[%clk 0:02:16]} 35. Qxa7 {[%clk 0:02:33]} Qc1+
{[%clk 0:02:25]} 36. Kh2 {[%clk 0:02:42]} Qxb2 {[%clk 0:02:34]} 37. a4
{[%clk 0:02:46]} Qe5+ {[%clk 0:02:21]} 38. Kg1 {[%clk 0:02:53]} Qc7
{[%clk 0:01:54]} 39. Qd4 {[%clk 0:02:44]} Qc6 {[%clk 0:01:13]} 40. Qf4+
{[%clk 0:01:41]} Ke6 {[%clk 0:01:18]} 41. g4 {[%clk 0:01:23]} Kd5
{[%clk 0:01:25]} 42. Qb4 {[%clk 0:01:12]} h5 {[%clk 0:00:27]} 43. gxh5
{[%clk 0:01:09]} gxh5 {[%clk 0:00:36]} 44. Kg2 {[%clk 0:01:12]} Ke5+
{[%clk 0:00:23]} 45. Kg3 {[%clk 0:01:09]} Kf5 {[%clk 0:00:32]} 46. Qf4+
{[%clk 0:00:58]} Kg6 {[%clk 0:00:41]} 47. Qd4 {[%clk 0:00:51]} Qc7+
{[%clk 0:00:15]} 48. f4 {[%clk 0:00:58]} Qe7 {[%clk 0:00:19]} 49. Qd3+
{[%clk 0:00:59]} Kh6 {[%clk 0:00:24]} 50. Qd4 {[%clk 0:01:08]} Qg7+
{[%clk 0:00:25]} 51. Qxg7+ {[%clk 0:01:17]} Kxg7 {[%clk 0:00:35]} 52. a5
{[%clk 0:01:10]} Kf6 {[%clk 0:00:12]} 53. Kh4 {[%clk 0:00:59]} Kg6
{[%clk 0:00:21]} 54. f5+ {[%clk 0:01:04]} Kxf5 {[%clk 0:00:30]} 55. Kxh5
{[%clk 0:01:13]} Ke4 {[%clk 0:00:35]} 56. Kg4 {[%clk 0:01:22]} Kd3
{[%clk 0:00:27]} 57. Kf3 {[%clk 0:01:28]} Kc4 {[%clk 0:00:34]} 58. a6
{[%clk 0:00:20]} bxa6 {[%clk 0:00:43]} 59. Ke2 {[%clk 0:00:30]} Kc3
{[%clk 0:00:48]} 60. Kd1 {[%clk 0:00:38]} Kb2 {[%clk 0:00:57]} 0-1